[Event "Skakligaen 2021-22"]
[Site "Denmark"]
[Date "2022.01.29"]
[Round "5.4"]
[White "Jorgensen, Brian Jorgen"]
[Black "Hove, Esben Kjems"]
[Result "0-1"]
[WhiteElo "2230"]
[BlackElo "2335"]
[PlyCount "160"]
[EventDate "2021.10.30"]
[EventType "team-tourn"]
[EventRounds "9"]
[EventCountry "DEN"]
[SourceTitle "Martin Noer"]
[WhiteTeam "Obro"]
[BlackTeam "Nordkalotten"]

1. e4 c6 2. d4 d5 3. exd5 cxd5 4. Bd3 Nf6 5. c3 Nc6 6. h3 g6 7. Qc2 Bg7 8. Nf3
O-O 9. Bf4 Nd7 10. O-O f6 11. Qb3 Nb6 12. Be2 e5 13. Bg3 Kh8 14. Na3 e4 15. Nh2
f5 16. f4 Be6 17. Qd1 Rc8 18. Qd2 Qe7 19. Bf2 a6 20. g3 Na4 21. Bd1 Nb6 22. Be3
Nd8 23. Kg2 Nf7 24. g4 Nd6 25. g5 Nbc4 26. Nxc4 Nxc4 27. Qf2 b5 28. a3 a5 29.
h4 b4 30. axb4 axb4 31. h5 gxh5 32. Bxh5 bxc3 33. bxc3 Bf7 34. Bd1 Rb8 35. Ra2
Rfc8 36. Re1 Rb1 37. Nf1 Nd6 38. Bc2 Rxe1 39. Qxe1 Bh5 40. Ng3 Bg4 41. Ra5 Qb7
42. Ra2 Qc7 43. Bb3 Qb7 44. Bc2 Bf8 45. Bd2 Nc4 46. Bc1 h6 47. gxh6 Bxh6 48.
Kf2 Qh7 49. Qh1 Bg7 50. Qxh7+ Kxh7 51. Nf1 Bf6 52. Ra7+ Kg6 53. Ra6 Kg7 54.
Ra7+ Kh8 55. Nh2 Bh5 56. Ra6 Kg7 57. Ra7+ Bf7 58. Nf1 Bh4+ 59. Kg2 Rg8 60. Ne3
Kf6+ 61. Kh3 Nxe3 62. Bxe3 Be1 63. Ra6+ Kg7 64. Rc6 Kh7 65. Rc7 Rg7 66. Bb3 Kh6
67. Kh2 Be6 68. Rc6 Rg6 69. c4 dxc4 70. Bxc4 Bxc4 71. Rxc4 Kh5 72. Rc1 Bg3+ 73.
Kh3 Bh4 74. Kh2 Rg3 75. Rc3 Rf3 76. Kg2 Be1 77. Ra3 Bd2 78. Ra8 Bxe3 79. d5
Bxf4 80. Rg8 Rd3 0-1

[Event "Skakligaen 2021-22"]
[Site "Denmark"]
[Date "2022.01.29"]
[Round "5.5"]
[White "Schmidt, Kristen"]
[Black "Simonsen, Carsten"]
[Result "1-0"]
[WhiteElo "2315"]
[BlackElo "2218"]
[PlyCount "63"]
[EventDate "2021.10.30"]
[EventType "team-tourn"]
[EventRounds "9"]
[EventCountry "DEN"]
[SourceTitle "Martin Noer"]
[WhiteTeam "Nordkalotten"]
[BlackTeam "Obro"]

1. e4 e5 2. Nf3 Nc6 3. Bb5 a6 4. Ba4 Nf6 5. O-O Be7 6. Re1 b5 7. Bb3 d6 8. c3
O-O 9. h3 Nb8 10. d4 Nbd7 11. Nbd2 Bb7 12. Bc2 Re8 13. Nf1 Bf8 14. Ng3 g6 15.
a4 Bg7 16. Qd3 c6 17. Bg5 h6 18. Bd2 d5 19. exd5 Nxd5 20. Nxe5 Nxe5 21. dxe5
Rxe5 22. Rxe5 Bxe5 23. Bxh6 Qh4 24. Bd2 Rd8 25. Qf3 Nf6 26. Be3 Qc4 27. Bg5 Rd6
28. Re1 Nd7 29. Ne4 Re6 30. Rd1 Nc5 31. Nxc5 Qxc5 32. Bb3 1-0

[Event "Skakligaen 2021-22"]
[Site "Denmark"]
[Date "2022.01.29"]
[Round "5.6"]
[White "Christensen, Janus"]
[Black "Sylvan, Jacob"]
[Result "1/2-1/2"]
[WhiteElo "2135"]
[BlackElo "2295"]
[PlyCount "68"]
[EventDate "2021.10.30"]
[EventType "team-tourn"]
[EventRounds "9"]
[EventCountry "DEN"]
[SourceTitle "Martin Noer"]
[WhiteTeam "Obro"]
[BlackTeam "Nordkalotten"]

1. e4 c5 2. Nf3 e6 3. d4 cxd4 4. Nxd4 Nc6 5. Nb5 d6 6. c4 a6 7. N5c3 Nf6 8. Be3
Be7 9. Be2 b6 10. O-O Bb7 11. Na3 O-O 12. f4 Rc8 13. Bf3 Na5 14. Qe2 d5 15. e5
Nd7 16. Nxd5 exd5 17. cxd5 Bxa3 18. bxa3 Re8 19. Rad1 Nc4 20. Bd4 Nxa3 21. Be4
Nf8 22. Rf3 Nb5 23. Bb2 Nd6 24. Bd3 b5 25. Rg3 Nc4 26. Bxc4 bxc4 27. e6 c3 28.
Bxc3 Ng6 29. Qb2 Rxc3 30. Rxc3 Bxd5 31. exf7+ Kxf7 32. Rcd3 Nxf4 33. Qf2 Qf6
34. Rxd5 Nxd5 1/2-1/2

[Event "Skakligaen 2021-22"]
[Site "Denmark"]
[Date "2022.01.29"]
[Round "5.7"]
[White "Jakobsen, Peter"]
[Black "Kakulidis, Ellen"]
[Result "0-1"]
[WhiteElo "2194"]
[BlackElo "2054"]
[PlyCount "104"]
[EventDate "2021.10.30"]
[EventType "team-tourn"]
[EventRounds "9"]
[EventCountry "DEN"]
[SourceTitle "Martin Noer"]
[WhiteTeam "Nordkalotten"]
[BlackTeam "Obro"]

1. c4 e6 2. Nf3 d5 3. d4 Nf6 4. Nc3 Be7 5. Bg5 Nbd7 6. e3 h6 7. Bh4 O-O 8. Rc1
c5 9. cxd5 Nxd5 10. Bxe7 Nxe7 11. Be2 cxd4 12. Nxd4 Nf6 13. O-O b6 14. Bf3 Nfd5
15. Nxd5 Nxd5 16. Nc6 Qe8 17. Bxd5 exd5 18. Nb4 Bb7 19. Qd4 Rd8 20. Rc7 Rd7 21.
Rxd7 Qxd7 22. e4 Re8 23. Nxd5 Qg4 24. f3 Qg5 25. Rd1 Bxd5 26. Qxd5 Qe3+ 27. Kh1
Rc8 28. h3 Rc2 29. Qf5 Rd2 30. Rxd2 Qxd2 31. Qe5 Qc1+ 32. Kh2 g6 33. Qe8+ Kg7
34. Qe5+ Kg8 35. a3 h5 36. h4 Qe1 37. Qf6 Qf2 38. Kh3 Qd2 39. Qe5 Qd7+ 40. Kg3
Qd2 41. Qc3 Qd6+ 42. Kf2 Qe7 43. g3 Qd7 44. b4 Qh3 45. Qc7 Qh2+ 46. Ke3 Qg1+
47. Kf4 b5 48. Qc5 Qe1 49. Qxa7 f6 50. Qb8+ Kg7 51. e5 Qd2+ 52. Ke4 f5# 0-1

[Event "Skakligaen 2021-22"]
[Site "Denmark"]
[Date "2022.01.29"]
[Round "5.8"]
[White "Skou, Niels"]
[Black "Nielsen, Lars Aaes"]
[Result "1/2-1/2"]
[WhiteElo "2045"]
[BlackElo "2189"]
[PlyCount "107"]
[EventDate "2021.10.30"]
[EventType "team-tourn"]
[EventRounds "9"]
[EventCountry "DEN"]
[SourceTitle "Notationslister"]
[WhiteTeam "Obro"]
[BlackTeam "Nordkalotten"]

1. d4 e6 2. c4 d5 3. Nc3 a6 4. c5 b6 5. cxb6 cxb6 6. Nf3 Nc6 7. Bf4 Nf6 8. e3
Bd6 9. Bd3 Bb7 10. O-O b5 11. Bxd6 Qxd6 12. Qe2 Ne7 13. Ne5 Ng6 14. f4 Ne4 15.
Bxb5+ Ke7 16. Bd3 f6 17. Bxe4 dxe4 18. Nc4 Qc7 19. f5 Rac8 20. b3 Nf8 21. fxe6
Kxe6 22. Qh5 g6 23. Qh6 Kf7 24. Rf2 Nd7 25. Raf1 Rce8 26. Qf4 Qxf4 27. Rxf4 g5
28. Rf5 Ke7 29. Na4 Rhf8 30. Nc5 Nxc5 31. Rxc5 Rc8 32. Rff5 Rxc5 33. Rxc5 Rc8
34. Ra5 Rc7 35. Kf2 Rd7 36. Ke2 Rd5 37. Rxd5 Bxd5 38. Kd2 h5 39. Kc3 Ke6 40. a4
h4 41. b4 Kf5 42. Nb6 Bb7 43. Nd7 Bc6 44. Nc5 Kg4 45. b5 axb5 46. axb5 Bxb5 47.
Nxe4 Bf1 48. g3 hxg3 49. hxg3 f5 50. Nd2 Bh3 51. Nc4 f4 52. gxf4 gxf4 53. Ne5+
Kf5 54. exf4  1/2-1/2

[Event "Skakligaen 2021-22"]
[Site "Denmark"]
[Date "2022.01.30"]
[Round "6.1"]
[White "Fries Nielsen, Jens Ove"]
[Black "Hector, Jonny"]
[Result "1/2-1/2"]
[WhiteElo "2378"]
[BlackElo "2443"]
[PlyCount "153"]
[EventDate "2021.10.30"]
[EventType "team-tourn"]
[EventRounds "9"]
[EventCountry "DEN"]
[SourceTitle "Live"]
[WhiteTeam "Fredericia"]
[BlackTeam "Nordkalotten"]

1. Nf3 d5 2. e3 Bg4 3. h3 Bxf3 4. Qxf3 e5 5. c4 Nf6 6. Nc3 d4 7. Qxb7 Nbd7 8.
Nd5 Nxd5 9. Qxd5 Bd6 10. exd4 exd4 11. Qe4+ Be5 12. Bd3 g6 13. f4 f5 14. Qf3
Bd6 15. O-O O-O 16. Qd5+ Kg7 17. b4 Bxb4 18. Qxd4+ Kh6 19. Qd5 Nf6 20. Qxd8
Raxd8 21. Rf3 Ne4 22. Rb1 Bxd2 23. Ba3 Rfe8 24. Bf1 Ba5 25. Rb5 Bb6+ 26. c5 c6
27. cxb6 cxb5 28. Bxb5 axb6 29. Bxe8 Rxe8 30. g4 Rd8 31. Rd3 Rc8 32. Rd7 g5 33.
gxf5 gxf4 34. Re7 Rg8+ 35. Kf1 Ng3+ 36. Kf2 Nxf5 37. Rb7 Rg6 38. Bf8+ Kg5 39.
Rxh7 Rc6 40. a3 Rc2+ 41. Kf3 Rc3+ 42. Kf2 Nd4 43. Rd7 Rc2+ 44. Ke1 Nf3+ 45. Kd1
Rh2 46. Rd6 b5 47. Kc1 Rxh3 48. Rd5+ Kg4 49. Rxb5 Nd4 50. Rb4 Nc6 51. Rc4 Ne5
52. Rd4 Kf5 53. Bd6 f3 54. Kd2 Rh1 55. Ke3 Re1+ 56. Kf2 Re2+ 57. Kf1 Ng6 58. a4
Ra2 59. Bg3 Rg2 60. Bc7 Rc2 61. Bg3 Ra2 62. Bc7 Kg5 63. Rc4 Kh5 64. Bg3 Rg2 65.
Bf2 Kg5 66. a5 Ne5 67. Be3+ Kg6 68. Re4 Ng4 69. a6 Kh5 70. Bd4 Ra2 71. a7 f2
72. Kg2 f1=Q+ 73. Kxf1 Nh2+ 74. Ke1 Nf3+ 75. Kd1 Nxd4 76. Rxd4 Rxa7 77. Kd2
1/2-1/2

[Event "Skakligaen 2021-22"]
[Site "Denmark"]
[Date "2022.01.30"]
[Round "6.2"]
[White "Brynell, Stellan"]
[Black "Schwarz, Frank"]
[Result "1/2-1/2"]
[WhiteElo "2431"]
[BlackElo "2224"]
[PlyCount "111"]
[EventDate "2021.10.30"]
[EventType "team-tourn"]
[EventRounds "9"]
[EventCountry "DEN"]
[SourceTitle "Live"]
[WhiteTeam "Nordkalotten"]
[BlackTeam "Fredericia"]

1. d4 Nf6 2. Nf3 e6 3. g3 d5 4. Bg2 Be7 5. c4 O-O 6. O-O Nbd7 7. Qc2 c6 8. Rd1
b6 9. b3 Bb7 10. Nc3 Rc8 11. e4 c5 12. exd5 exd5 13. Bb2 a6 14. cxd5 Nxd5 15.
Nxd5 Bxd5 16. dxc5 Rxc5 17. Qe2 Re8 18. Qxa6 Bf6 19. Bxf6 Nxf6 20. b4 Rc6 21.
Qb5 Rd6 22. a4 Qa8 23. Nh4 Red8 24. Bxd5 Nxd5 25. Re1 g6 26. a5 Nc7 27. Qc4 Ne6
28. Qe4 Qxe4 29. Rxe4 Rd1+ 30. Rxd1 Rxd1+ 31. Kg2 bxa5 32. bxa5 Ra1 33. Re5 Nd4
34. Nf3 Nc6 35. Re8+ Kg7 36. Rc8 Nxa5 37. Rc7 Kf6 38. h4 h6 39. g4 Ke6 40. g5
h5 41. Nd4+ Ke5 42. Ne2 Ra4 43. Re7+ Kd6 44. Ra7 Ke6 45. Ra6+ Kd7 46. Ra7+ Ke6
47. Kg3 Rg4+ 48. Kh3 Nc6 49. Ra6 Rc4 50. Kg3 Rg4+ 51. Kh3 Rc4 52. f3 Kd7 53.
Kg3 Ne7 54. Ra7+ Kd6 55. Ra6+ Kd7 56. Ra7+ 1/2-1/2

[Event "Skakligaen 2021-22"]
[Site "Denmark"]
[Date "2022.01.30"]
[Round "6.3"]
[White "Friis, Carsten Bank"]
[Black "Kristensen, Kaare Hove"]
[Result "1-0"]
[WhiteElo "2212"]
[BlackElo "2345"]
[PlyCount "110"]
[EventDate "2021.10.30"]
[EventType "team-tourn"]
[EventRounds "9"]
[EventCountry "DEN"]
[SourceTitle "Live"]
[WhiteTeam "Fredericia"]
[BlackTeam "Nordkalotten"]

1. d4 Nf6 2. Nf3 b6 3. g3 Bb7 4. Bg2 g6 5. O-O Bg7 6. c4 O-O 7. Nc3 Ne4 8. Nd5
c6 9. Nf4 d5 10. Qd3 dxc4 11. Qxc4 Nd7 12. Ne6 Qc8 13. Nxf8 Qxf8 14. Qc2 Nef6
15. Ne5 Nxe5 16. dxe5 Nd5 17. f4 e6 18. a3 a5 19. e4 Nc7 20. Be3 c5 21. Rfd1
Qb8 22. Rd6 Ba6 23. Rad1 Nb5 24. Rd7 Nd4 25. Bxd4 cxd4 26. R7xd4 Bf8 27. b4
axb4 28. axb4 Bb5 29. Qd2 Kg7 30. h4 Be7 31. Rd6 Ra3 32. Qd4 Ba4 33. Ra1 Rxa1+
34. Qxa1 Bb5 35. Qd4 Bxd6 36. exd6+ Kg8 37. Kh2 Bd7 38. h5 gxh5 39. Qe5 h6 40.
Bf3 Qf8 41. Bxh5 f6 42. Qd4 Qd8 43. Bf3 Kg7 44. g4 Bc6 45. Kg3 Bd7 46. Qc4 e5
47. Qd5 exf4+ 48. Kxf4 Qe8 49. Qd4 Kg6 50. Be2 Qe6 51. Bf3 Qe8 52. Qd5 Kg7 53.
e5 fxe5+ 54. Qxe5+ Qxe5+ 55. Kxe5 Kf8 1-0

[Event "Skakligaen 2021-22"]
[Site "Denmark"]
[Date "2022.01.30"]
[Round "6.4"]
[White "Hove, Esben Kjems"]
[Black "Guindy, Esmat Susanne"]
[Result "1/2-1/2"]
[WhiteElo "2335"]
[BlackElo "2113"]
[PlyCount "100"]
[EventDate "2021.10.30"]
[EventType "team-tourn"]
[EventRounds "9"]
[EventCountry "DEN"]
[SourceTitle "Live"]
[WhiteTeam "Nordkalotten"]
[BlackTeam "Fredericia"]

1. d4 d5 2. Nf3 Nf6 3. g3 e6 4. Bg2 Be7 5. O-O O-O 6. b3 b6 7. Bb2 c5 8. e3
Nbd7 9. c4 Bb7 10. cxd5 Nxd5 11. e4 N5f6 12. e5 Nd5 13. Nbd2 Rc8 14. Nc4 cxd4
15. Bxd4 Nc5 16. Qe2 Qc7 17. Rac1 Rfd8 18. Rfd1 Qb8 19. h4 a5 20. Ng5 h6 21.
Bxc5 Bxc5 22. Ne4 Ba6 23. Qg4 Bxc4 24. bxc4 Ne7 25. Rxd8+ Rxd8 26. Nxc5 bxc5
27. Qe2 Nf5 28. Kh2 Qb4 29. Rd1 Rxd1 30. Qxd1 Qxc4 31. Qd8+ Kh7 32. Qxa5 Qd4
33. Qe1 g6 34. h5 c4 35. hxg6+ fxg6 36. Be4 Qxe5 37. Qb1 Qc7 38. a4 c3 39. Qa2
Nd4 40. a5 c2 41. Bxc2 Nxc2 42. Qxe6 Nb4 43. f4 Qc2+ 44. Kh3 Qf5+ 45. Qxf5 gxf5
46. g4 Kg6 47. Kh4 fxg4 48. Kxg4 h5+ 49. Kh4 Kf5 50. Kxh5 Kxf4 1/2-1/2

[Event "Skakligaen 2021-22"]
[Site "Denmark"]
[Date "2022.01.30"]
[Round "6.5"]
[White "Easwaralingam, Adesh"]
[Black "Schmidt, Kristen"]
[Result "1/2-1/2"]
[WhiteElo "2136"]
[BlackElo "2315"]
[PlyCount "85"]
[EventDate "2021.10.30"]
[EventType "team-tourn"]
[EventRounds "9"]
[EventCountry "DEN"]
[SourceTitle "Live"]
[WhiteTeam "Fredericia"]
[BlackTeam "Nordkalotten"]

1. e4 d6 2. d4 Nf6 3. Nc3 g6 4. Be3 c6 5. f3 Nbd7 6. Qd2 Qa5 7. h4 b5 8. Nh3 a6
9. Ne2 Qxd2+ 10. Bxd2 Bg7 11. g4 Nb6 12. b3 h5 13. gxh5 Nxh5 14. Ba5 Nd7 15.
O-O-O c5 16. dxc5 Nxc5 17. Nhf4 Bb7 18. Nxh5 Rxh5 19. Ng3 Rh8 20. h5 gxh5 21.
Nxh5 Bh6+ 22. Kb1 f6 23. Nf4 Kf7 24. Nd5 Bg5 25. Rxh8 Rxh8 26. c4 Rh1 27. Kc2
Rh2+ 28. Kb1 Bxd5 29. exd5 bxc4 30. Bxc4 Bf4 31. Bb4 Be5 32. Bxc5 dxc5 33. d6+
Ke8 34. dxe7 Rb2+ 35. Kc1 Rxa2 36. Rd8+ Kxe7 37. Ra8 a5 38. Kb1 Ra3 39. Ra6 Bd4
40. Kc2 Kd7 41. Kd3 Kc7 42. Bd5 Ra1 43. Kc4 1/2-1/2

[Event "Skakligaen 2021-22"]
[Site "Denmark"]
[Date "2022.01.30"]
[Round "6.6"]
[White "Sylvan, Jacob"]
[Black "Ostergaard, Rasmus Thestrup"]
[Result "1-0"]
[WhiteElo "2295"]
[BlackElo "2102"]
[PlyCount "109"]
[EventDate "2021.10.30"]
[EventType "team-tourn"]
[EventRounds "9"]
[EventCountry "DEN"]
[SourceTitle "Live"]
[WhiteTeam "Nordkalotten"]
[BlackTeam "Fredericia"]

1. e4 e5 2. Nf3 Nc6 3. Bb5 a6 4. Ba4 Nf6 5. O-O Be7 6. d3 d6 7. c3 O-O 8. Re1
Nd7 9. Nbd2 Bf6 10. Nf1 b5 11. Bc2 Nb6 12. h3 Re8 13. d4 Bd7 14. Ne3 exd4 15.
cxd4 Rb8 16. Ng4 Be7 17. a3 h5 18. Ne3 Bf6 19. Rb1 g6 20. b3 Ne7 21. Bb2 Bg7
22. a4 Nc6 23. Qd2 bxa4 24. bxa4 a5 25. Bc3 Nb4 26. Bxb4 axb4 27. a5 Na4 28.
Rxb4 Rxb4 29. Qxb4 c5 30. Qd2 cxd4 31. Nxd4 Nc5 32. Nd5 f5 33. f3 Qh4 34. Nb3
fxe4 35. Nxc5 dxc5 36. Rxe4 Rxe4 37. Bxe4 Bd4+ 38. Kh2 g5 39. Ne7+ Kf7 40. Ng6
Qf2 41. Qxf2 Bxf2 42. h4 gxh4 43. Ne5+ Ke6 44. Nxd7 Kxd7 45. Bd3 Ke6 46. Bc4+
Kf6 47. a6 Bg3+ 48. Kh3 Bb8 49. Kxh4 Kg6 50. f4 Ba7 51. Kg3 Kf5 52. Kf3 Bb8 53.
Bd3+ Ke6 54. Ke4 Kd6 55. Bc4 1-0

[Event "Skakligaen 2021-22"]
[Site "Denmark"]
[Date "2022.01.30"]
[Round "6.7"]
[White "Sorensen, Lars Desmond"]
[Black "Jakobsen, Peter"]
[Result "1/2-1/2"]
[WhiteElo "2048"]
[BlackElo "2194"]
[PlyCount "43"]
[EventDate "2021.10.30"]
[EventType "team-tourn"]
[EventRounds "9"]
[EventCountry "DEN"]
[SourceTitle "Live"]
[WhiteTeam "Fredericia"]
[BlackTeam "Nordkalotten"]

1. d4 Nf6 2. Nf3 d5 3. c4 e6 4. Nc3 Be7 5. Bg5 h6 6. Bh4 O-O 7. e3 b6 8. Ne5
Bb7 9. Be2 dxc4 10. O-O Nbd7 11. f4 Nxe5 12. fxe5 Nd5 13. Bxe7 Qxe7 14. Qd2 Qg5
15. Bf3 Rad8 16. Rae1 Ba6 17. Bxd5 exd5 18. Rf3 c6 19. Rg3 Qh4 20. Rf1 f5 21.
Ne2 Rde8 22. Rg6 1/2-1/2

[Event "Skakligaen 2021-22"]
[Site "Denmark"]
[Date "2022.01.30"]
[Round "6.8"]
[White "Ejsing, Esben"]
[Black "Christensen, Hans Ulrich Falk"]
[Result "1/2-1/2"]
[WhiteElo "2127"]
[BlackElo "2007"]
[PlyCount "89"]
[EventDate "2021.10.30"]
[EventType "team-tourn"]
[EventRounds "9"]
[EventCountry "DEN"]
[SourceTitle "Live"]
[WhiteTeam "Nordkalotten"]
[BlackTeam "Fredericia"]

1. c4 Nf6 2. Nc3 d5 3. cxd5 Nxd5 4. g3 e5 5. Bg2 Nb6 6. Nf3 Nc6 7. d3 Be7 8. a3
Be6 9. O-O h6 10. b4 a6 11. Ne4 Nd7 12. Bb2 f5 13. Nc5 Nxc5 14. bxc5 Bf6 15.
Qc2 Rb8 16. e3 O-O 17. Rfe1 g5 18. d4 e4 19. Nd2 g4 20. Bf1 Ne7 21. Bc4 Nd5 22.
c6 b5 23. Bf1 Rb6 24. Nb3 Qd6 25. Na5 Ne7 26. a4 Nxc6 27. axb5 axb5 28. Ba3 b4
29. Nc4 Bxc4 30. Bxc4+ Kg7 31. Bb2 h5 32. Ra6 Rxa6 33. Bxa6 h4 34. Rc1 Ne7 35.
Bf1 c6 36. Ra1 Rc8 37. Ra6 h3 38. Bc4 Rc7 39. Bb3 Qd8 40. Qc4 Qd5 41. Qc2 Qb5
42. Bc4 Qb7 43. Ra4 Qb6 44. Ra6 Qb7 45. Ra4 1/2-1/2

[Event "Skakligaen 2021-22"]
[Site "Denmark"]
[Date "2022.01.30"]
[Round "6.1"]
[White "Rasmussen, Allan Stig"]
[Black "Matthiesen, Martin"]
[Result "1-0"]
[WhiteElo "2566"]
[BlackElo "2325"]
[PlyCount "81"]
[EventDate "2021.10.30"]
[EventType "team-tourn"]
[EventRounds "9"]
[EventCountry "DEN"]
[SourceTitle "Live"]
[WhiteTeam "Jetsmark"]
[BlackTeam "SK1968"]

1. d4 Nf6 2. Nf3 e6 3. c4 b6 4. g3 Ba6 5. b3 Bb4+ 6. Bd2 Be7 7. Bg2 c6 8. O-O
O-O 9. Qc2 d5 10. Rd1 Nbd7 11. a4 Qc8 12. Na3 c5 13. cxd5 exd5 14. Nb5 Qb7 15.
Nh4 g6 16. Bg5 Rfe8 17. Nc3 cxd4 18. Rxd4 Qc7 19. Rc1 Bc5 20. Rf4 Rac8 21. Bxf6
Nxf6 22. Rxf6 Qe5 23. Nxd5 Bxf2+ 24. Rxf2 Rxc2 25. Rxc2 Rc8 26. Rd2 Rc1+ 27.
Bf1 Kg7 28. Nf3 Qa1 29. Ng5 f5 30. Nb4 Bc8 31. Nd3 Rd1 32. Rc2 Ba6 33. Rc7+ Kg8
34. Nf4 Qf6 35. Nfe6 h6 36. Rg7+ Qxg7 37. Nxg7 hxg5 38. Ne6 g4 39. Nc7 Bb7 40.
e3 a6 41. Rb2 1-0

[Event "Skakligaen 2021-22"]
[Site "Denmark"]
[Date "2022.01.30"]
[Round "6.2"]
[White "Bank, Pelle Rodkjaer"]
[Black "Heimisson, Hilmir Freyr"]
[Result "0-1"]
[WhiteElo "2322"]
[BlackElo "2322"]
[PlyCount "126"]
[EventDate "2021.10.30"]
[EventType "team-tourn"]
[EventRounds "9"]
[EventCountry "DEN"]
[SourceTitle "Live"]
[WhiteTeam "SK1968"]
[BlackTeam "Jetsmark"]

1. d4 Nf6 2. Bg5 d5 3. e3 c5 4. Bxf6 gxf6 5. Nc3 Nc6 6. Qh5 e6 7. Nf3 Bd7 8.
Bb5 Qe7 9. O-O Bg7 10. a3 cxd4 11. exd4 O-O 12. Rfe1 Qd6 13. Rad1 Ne7 14. Bd3
Ng6 15. Qh3 Rac8 16. Qg3 Qxg3 17. hxg3 Rfd8 18. Re2 Bf8 19. Ra1 Be8 20. a4 Bb4
21. Nd1 Nf8 22. g4 h6 23. Ne3 a6 24. g3 Nd7 25. Kg2 Nb6 26. c3 Bd6 27. a5 Nd7
28. Ree1 Nb8 29. Rh1 Kg7 30. Nh4 Bf8 31. f4 Bb5 32. Bc2 Nc6 33. Kf2 Kg8 34. Nf3
Bg7 35. Rh5 b6 36. axb6 Rb8 37. Nd2 Rxb6 38. b4 a5 39. bxa5 Ra6 40. Nb3 Rda8
41. Rhh1 Bf8 42. Rhb1 Nxa5 43. Nc5 Bxc5 44. Rxb5 Be7 45. Ke2 Bd8 46. Rab1 Nc6
47. Rb7 Ra3 48. Kd2 Ba5 49. R1b3 Rxb3 50. Bxb3 Nxd4 51. Kd3 Nc6 52. Ba4 Nd8 53.
Rd7 Rb8 54. c4 Nb7 55. Kc2 Nc5 56. Re7 Kf8 57. Re8+ Rxe8 58. Bxe8 Kxe8 59. cxd5
Be1 60. dxe6 fxe6 61. g5 hxg5 62. fxg5 fxg5 63. g4 Ke7 0-1

[Event "Skakligaen 2021-22"]
[Site "Denmark"]
[Date "2022.01.30"]
[Round "6.3"]
[White "Baekgaard, Martin"]
[Black "Matthiesen, Arne"]
[Result "1/2-1/2"]
[WhiteElo "2311"]
[BlackElo "2312"]
[PlyCount "53"]
[EventDate "2021.10.30"]
[EventType "team-tourn"]
[EventRounds "9"]
[EventCountry "DEN"]
[SourceTitle "Live"]
[WhiteTeam "Jetsmark"]
[BlackTeam "SK1968"]

1. d4 d5 2. c4 dxc4 3. e3 e6 4. Bxc4 Nf6 5. Nf3 c5 6. O-O a6 7. Bb3 Nc6 8. Nc3
cxd4 9. exd4 Be7 10. Bg5 O-O 11. Qd2 Bd7 12. Rfe1 Rc8 13. Rad1 Na5 14. d5 Nxb3
15. axb3 Qb6 16. d6 Bd8 17. Ne5 Bc6 18. d7 Ra8 19. Be3 Qb4 20. Nxc6 bxc6 21.
Bf4 Be7 22. Bc7 Nd5 23. Nxd5 cxd5 24. d8=Q Rfxd8 25. Bxd8 Rxd8 26. Qd3 a5 27.
Re2 1/2-1/2

[Event "Skakligaen 2021-22"]
[Site "Denmark"]
[Date "2022.01.30"]
[Round "6.4"]
[White "Rewitz, Poul"]
[Black "Jensen, Bjarke"]
[Result "1/2-1/2"]
[WhiteElo "2264"]
[BlackElo "2349"]
[PlyCount "41"]
[EventDate "2021.10.30"]
[EventType "team-tourn"]
[EventRounds "9"]
[EventCountry "DEN"]
[SourceTitle "Live"]
[WhiteTeam "SK1968"]
[BlackTeam "Jetsmark"]

1. g3 e5 2. Nf3 e4 3. Nh4 d5 4. d3 Nf6 5. Nc3 exd3 6. Qxd3 c6 7. Bg2 Na6 8. O-O
Nc5 9. Qd1 Be7 10. Be3 O-O 11. Bxc5 Bxc5 12. Qd3 Ng4 13. Nd1 f5 14. e3 Qe7 15.
Nf3 Bb6 16. a3 Bd7 17. Nc3 a5 18. Ne2 Rae8 19. Rae1 Bc8 20. Nf4 Qf6 21. h4
1/2-1/2

[Event "Skakligaen 2021-22"]
[Site "Denmark"]
[Date "2022.01.30"]
[Round "6.5"]
[White "Rathlev, Jakob"]
[Black "Ramsdal, Jens Albert"]
[Result "1-0"]
[WhiteElo "2201"]
[BlackElo "2289"]
[PlyCount "85"]
[EventDate "2021.10.30"]
[EventType "team-tourn"]
[EventRounds "9"]
[EventCountry "DEN"]
[SourceTitle "Martin Matthiesen"]
[WhiteTeam "Jetsmark"]
[BlackTeam "SK1968"]

1. d4 Nf6 2. Nf3 e6 3. e3 b6 4. Bd3 Bb7 5. O-O d5 6. b3 Ne4 7. Bb2 f6 8. c4 Bd6
9. Nc3 O-O 10. cxd5 exd5 11. Qc2 f5 12. Nb5 Rf6 13. Rac1 Nc6 14. Nxd6 cxd6 15.
Bb5 Rc8 16. Qe2 Rh6 17. Rc2 g5 18. Rfc1 Qd7 19. Rxc6 Bxc6 20. Qc2 Qe7 21. Bxc6
Kg7 22. Nd2 g4 23. Nf1 Qe6 24. Qe2 Rf8 25. Qb5 Nf6 26. Ng3 Rg6 27. Qd3 Rg5 28.
Ne2 h5 29. Nf4 Qf7 30. Qb5 h4 31. Bxd5 Nxd5 32. Qxd5 Qxd5 33. Nxd5 g3 34. Nf4
Re8 35. Rc7+ Kh6 36. d5 Rg4 37. hxg3 hxg3 38. Ne6 f4 39. exf4 gxf2+ 40. Kxf2
Reg8 41. Bg7+ Kg6 42. Kf3 Rh4 43. g4 1-0

[Event "Skakligaen 2021-22"]
[Site "Denmark"]
[Date "2022.01.30"]
[Round "6.6"]
[White "Hansen, Lars"]
[Black "Grubert, Christian"]
[Result "1-0"]
[WhiteElo "2188"]
[BlackElo "2112"]
[PlyCount "65"]
[EventDate "2021.10.30"]
[EventType "team-tourn"]
[EventRounds "9"]
[EventCountry "DEN"]
[SourceTitle "Martin Matthiesen"]
[WhiteTeam "SK1968"]
[BlackTeam "Jetsmark"]

1. e4 c5 2. Nc3 g6 3. f4 Bg7 4. Nf3 Nc6 5. Bb5 Nd4 6. O-O Nxb5 7. Nxb5 d6 8. d3
Nf6 9. Qe1 Bd7 10. Nc3 Bc6 11. Bd2 d5 12. e5 Nd7 13. f5 O-O 14. e6 d4 15. Ne4
Bxe4 16. Qxe4 Nf6 17. Qh4 fxe6 18. fxg6 Qd5 19. Rae1 hxg6 20. Re5 Qxa2 21. Rg5
Nh7 22. Rxg6 Rf6 23. Qg4 Rxg6 24. Qxg6 Kh8 25. Qh5 Kg8 26. Bh6 Bxh6 27. Qxh6
Qd5 28. Re1 Rf8 29. Re5 Qa2 30. Qg6+ Kh8 31. Rh5 Qb1+ 32. Kf2 Qxc2+ 33. Kg3 1-0

[Event "Skakligaen 2021-22"]
[Site "Denmark"]
[Date "2022.01.30"]
[Round "6.7"]
[White "Rasmussen, Henning Lau"]
[Black "Lauridsen, Jesper Morch"]
[Result "1/2-1/2"]
[WhiteElo "2159"]
[BlackElo "2208"]
[PlyCount "34"]
[EventDate "2021.10.30"]
[EventType "team-tourn"]
[EventRounds "9"]
[EventCountry "DEN"]
[SourceTitle "Martin Matthiesen"]
[WhiteTeam "Jetsmark"]
[BlackTeam "SK1968"]

1. d4 Nf6 2. Nf3 g6 3. Nbd2 Bg7 4. e4 d6 5. Bd3 O-O 6. O-O Nbd7 7. Re1 e6 8.
Nf1 c5 9. c3 cxd4 10. cxd4 e5 11. dxe5 Nxe5 12. Nxe5 dxe5 13. Be3 Qe7 14. f3
Be6 15. Qe2 Nh5 16. g3 b6 17. Bc4 Bxc4 1/2-1/2

[Event "Skakligaen 2021-22"]
[Site "Denmark"]
[Date "2022.01.30"]
[Round "6.8"]
[White "Simkin, Mark"]
[Black "Hoffmann, Tobias Breinholt"]
[Result "1-0"]
[WhiteElo "2096"]
[BlackElo "2081"]
[PlyCount "69"]
[EventDate "2021.10.30"]
[EventType "team-tourn"]
[EventRounds "9"]
[EventCountry "DEN"]
[SourceTitle "Martin Matthiesen"]
[WhiteTeam "SK1968"]
[BlackTeam "Jetsmark"]

1. e4 e6 2. d3 c5 3. Nf3 Nc6 4. g3 Nge7 5. Bg2 b6 6. O-O Bb7 7. c3 d6 8. d4
cxd4 9. cxd4 Nb8 10. Nc3 Nd7 11. d5 e5 12. Be3 a6 13. b4 Nc8 14. Nd2 Be7 15.
Nc4 O-O 16. Qd3 a5 17. a3 Ba6 18. Bh3 Qc7 19. b5 Bb7 20. Bxd7 Qxd7 21. Bxb6 f5
22. f3 a4 23. Rab1 h5 24. exf5 Rxf5 25. Rb4 h4 26. g4 Rf4 27. Be3 Rf7 28. Nxa4
Bd8 29. Nc3 Ba5 30. Nxa5 Rxa5 31. a4 Qc7 32. Ne4 Nb6 33. Ng5 Nxd5 34. Qh7+ Kf8
35. Ne6+ 1-0